000 00648nam a2200217 a 4500
001 13244
003 BD-RjUL
005 20211208235426.0
008 170530r19651963enka 001 0 eng d
035 _a(BD-RjUL)13295
040 _aDLC
_cODaWU
_dOCoLC
_dFrCoUT
_dUk
_d(BD-RjUL)
_beng
041 _aeng
082 0 4 _223
_a624.1513
_bSCP 1965
100 1 _aScott, Ronald F.
_941247
245 1 0 _aPrinciples of soil mechanics /
_cRonald F Scott,
260 _aReading ; Mass. :
_bAddison-Wesley Pub. Co.,
_cc1963 [Printing 1965]
300 _a550 p. :
_bill. ;
_c22cm
504 _aIncludes Index
650 0 _aSoil mechanics.
_941248
942 _2ddc
_cBK
999 _c13244
_d13244